Online Catalogue and eLibrary

Feminist scholarship : (Record no. 53)

MARC details
000 -LEADER
fixed length control field 00694pam a2200217 a 4500
001 - CONTROL NUMBER
control field 1895270
005 - DATE AND TIME OF LATEST TRANSACTION
control field 20231122043132.0
008 - FIXED-LENGTH DATA ELEMENTS--GENERAL INFORMATION
fixed length control field 840404s1985 ilu b s001 0 eng
020 ## - INTERNATIONAL STANDARD BOOK NUMBER
ISBN 0252009576 (alk. paper)
040 ## - CATALOGING SOURCE (பட்டியலாக்க மூலம்)
Original cataloging agency DLC
Transcribing agency DLC
Modifying agency DLC
082 00 - DDC Classification
Class No. 305.4/07/073
DDC Edition Number 19
245 00 - TITLE STATEMENT
Title Feminist scholarship :
Remainder of title kindling in the groves of academe /
Statement of responsibility, etc. Ellen Carol DuBois ... [et al.].
260 ## - PUBLICATION, DISTRIBUTION, ETC.
Place of publication, distribution, etc. Urbana :
Name of publisher, distributor, etc. University of Illinois Press,
Date of publication, distribution, etc. c1985.
300 ## - PHYSICAL DESCRIPTION
Extent (e.g. Volumes, Pages etc.) x, 227 p. ;
500 ## - GENERAL NOTE
General note Includes index.
650 #0 - SUBJECT ADDED ENTRY--TOPICAL TERM
Topical term or geographic name entry element Women's studies
650 #0 - SUBJECT ADDED ENTRY--TOPICAL TERM
Topical term or geographic name entry element Interdisciplinary approach to knowledge.
650 #0 - SUBJECT ADDED ENTRY--TOPICAL TERM
Topical term or geographic name entry element Interdisciplinary approach in education.
700 1# - ADDED ENTRY--PERSONAL NAME
Personal name DuBois, Ellen Carol,
Relator term (Role) Editor
942 ## - Koha item type (Biblio)
Koha item type Books in Stacks (Lending)
Holdings
Lost status Damaged status Collection code Home library Current library Date acquired Full call number Accession Number Item type
    Lending WERC Library WERC Library 11/22/2023 305.4/07/073 2044 Books in Stacks (Lending)

© WERC Library